000 01325njm a22002777a 4500
005 20100901115333.0
006 a|||||r|||||00| 0
007 sd ammalaaahaa
008 100901t xxu||||| |||| 00| 0 eng d
028 _aN 53886
_bHis Master Voice
035 _aGR-01013
040 _aSED
_cSED
100 _aMahmood, Talat
_917891
245 _aRoop Ki Rani Choron Ka Raja /
_cby Talat Mahmood [and] Lata Mangeshkar ; Music by Shankar Jaikishan ; lyrices by Shailendra
_h[Sound recording]
246 _aरूप की रानी चोरों का राजा / तलत महमूद
260 _aDUM DUM, India
_bHis Master Voice
300 _a1 Sound disc [Gramophone Recording] :
_banalog, 33 1/3 rpm
_c9.5 in. (MP)
_fGramophone Record
500 _aBrief record
505 _aSide-1 तुम तो दिल के तर छेड़ कर (Tum to dil ke tar ched kar) (Talat Mahmood) --Side-2 ऐसी ही अगर मर्जी है तेरी (aesi hi agar marji hae teri) (Lata Mangeshkar)
650 _aClassical music
_xExcerpts
_zIndia
_917892
700 _aMangeshkar, Lata
_918710
700 _aJaikishan,Shankar
_918746
700 _aShailendra
_918747
942 _2ddc
_cGR
999 _c44243
_d44243